Tilastot visalle Italian alueet kartalla

Klikkaa tästä pelataksesi tätä visaa!

Yleistilastot

  • Tätä visaa on pelattu 572 kertaa
  • Keskiarvotulos 10 / 20

Vastaukset kartalla

Vastauksille on annettu kartalla punavihreä väri sen mukaan, kuinka moni on saanut sen oikein.
 

Vastaustilastot

Vastaus% Oikein
Sardinia
92%
Sisilia
91%
Toscana
61%
Trentino-Etelä-Tiroli
52%
Lombardia
51%
Aostanlaakso
50%
Latium
49%
Veneto
49%
Friuli-Venezia Giulia
47%
Piemonte
47%
Emilia-Romagna
45%
Calabria
44%
Liguria
44%
Apulia
42%
Campania
37%
Abruzzo
34%
Basilicata
34%
Marche
34%
Umbria
34%
Molise
30%

Tulosjakauma

Persentiili vastausten määrän mukaan

Jokaisen tuloksen saaneiden osuus

Tuloshistoriasi

Et ole pelannut tätä visaa